[Event "Challenge"]
[Site "http://www.queenalice.com/game.php?id=105521"]
[Date "2006.9.13"]
[Round "-"]
[White "lemming"]
[Black "marcosbratz"]
[Result "0-1"]
[WhiteElo "1142"]
[BlackElo "1337"]

1. d4 Nf6 2. Bg5 e6 3. e4 Be7 4. Bd3 O-O 5. Nf3 d5 6. e5 Ne4 7. O-O Nxg5 8. Qd2
Nxf3+ 9. gxf3 Bg5 10. f4 Bh4 0-1

[Event "Challenge"]
[Site "http://www.queenalice.com/game.php?id=224237"]
[Date "2007.6.13"]
[Round "-"]
[White "lemming"]
[Black "sergiomaia"]
[Result "0-1"]
[WhiteElo "1053"]
[BlackElo "1588"]

1. d4 d5 2. c4 dxc4 3. Nc3 a6 4. a4 c6 5. a5 b5 6. axb6 Qxb6 7. e3 Nf6 8. Bxc4
c5 9. Nd5 Nxd5 10. Bxd5 Bb7 11. dxc5 Qb5 12. Qf3 Nc6 13. Ne2 Qxc5 14. O-O Ne5
15. Qe4 Qxd5 16. Qxd5 Bxd5 17. f4 Nd3 18. Rd1 Nxc1 19. Raxc1 e6 20. f5 Bb3 0-1

[Event "Let's Play Chess!"]
[Site "http://www.queenalice.com/game.php?id=422649"]
[Date "2008.6.25"]
[Round "-"]
[White "lemming"]
[Black "DrIgO"]
[Result "1-0"]
[WhiteElo "1053"]
[BlackElo "1276"]

1. d4 d5 2. c4 Nf6 3. Nc3 g6 4. e3 Bh6 5. Bd3 O-O 6. Qb3 c6 7. Nge2 Qd6 8. Bd2
Bg4 9. Qxb7 Nbd7 10. O-O Rab8 11. Qxa7 Rxb2 12. Bc1 Rxe2 13. Nxe2 Bf5 14. e4
dxe4 15. c5 Qd5 16. Nf4 Bxf4 17. Bxf4 exd3 18. Rfe1 e6 19. Qa4 e5 20. Bxe5 Be4
21. Bc7 Bxg2 22. Re5 Nxe5 23. dxe5 Rc8 24. exf6 Rxc7 25. Qa8+ Rc8 26. Qxc8+ Qd8
27. Qxd8# 1-0

[Event "Let's Play Chess!"]
[Site "http://www.queenalice.com/game.php?id=434823"]
[Date "2008.7.17"]
[Round "-"]
[White "minimindy"]
[Black "lemming"]
[Result "1-0"]
[WhiteElo "1799"]
[BlackElo "1089"]

1. e4 e5 2. Nf3 d6 3. Bc4 Nf6 4. d3 h6 5. Nc3 Be6 6. Bxe6 fxe6 7. Bd2 Nc6 8. O-O
a6 9. h3 Qd7 10. Be3 O-O-O 11. Qe2 d5 12. Bd2 Bd6 13. a3 Rhe8 14. b4 Nd4 15. Qd1
Qc6 16. Re1 Nxf3+ 17. gxf3 d4 18. Ne2 Rf8 19. f4 Nh5 20. fxe5 Bxe5 21. Qb1 Nf4
22. Bxf4 Bxf4 23. a4 e5 24. Qb2 b6 25. Kf1 Bd2 26. Red1 Rxf2+ 27. Kxf2 Rf8+ 28.
Kg2 Qg6+ 29. Ng3 Qg5 30. Rf1 Rf4 31. Rad1 Rf6 32. Rxf6 gxf6 33. Rf1 Bf4 34. Rf3
h5 35. Kf2 Be3+ 36. Ke2 h4 37. Nh1 Qg2+ 38. Nf2 1-0

[Event "Let's Play Chess!"]
[Site "http://www.queenalice.com/game.php?id=437346"]
[Date "2008.7.22"]
[Round "-"]
[White "lemming"]
[Black "CampbellMarcel"]
[Result "0-1"]
[WhiteElo "1089"]
[BlackElo "1737"]

1. d4 d5 2. c4 dxc4 3. Nc3 Nf6 4. Bf4 c6 5. Bxb8 Rxb8 6. Nf3 Be6 7. e3 b5 8. Ne5
Qb6 9. Qf3 c5 10. d5 Bd7 11. a3 a6 12. Qf4 b4 13. Nxc4 Qa7 14. Ne4 Nxe4 15. Qxe4
e6 16. Qe5 f6 0-1

[Event "Challenge"]
[Site "http://www.queenalice.com/game.php?id=437958"]
[Date "2008.7.23"]
[Round "-"]
[White "DrIgO"]
[Black "lemming"]
[Result "0-1"]
[WhiteElo "1274"]
[BlackElo "1098"]

1. d4 d5 2. Na3 e6 3. b3 c5 4. Nb5 Bd7 5. Ba3 Bxb5 6. dxc5 Qa5+ 7. b4 Qxa3 8.
Qd4 Qa4 9. O-O-O Nc6 10. Qg4 Nxb4 11. Rd4 Bxc5 12. Qxg7 Nxa2+ 13. Kb1 Bxd4 14.
Qg5 Qb4+ 15. Kxa2 Bc4# 0-1

[Event "AUTO-BEG-236"]
[Site "http://www.queenalice.com/game.php?id=439789"]
[Date "2008.7.27"]
[Round "1"]
[White "vivafloresta"]
[Black "lemming"]
[Result "1-0"]
[WhiteElo "1229"]
[BlackElo "1054"]

1. e4 e5 2. Nf3 Bc5 3. Nxe5 Qf6 4. Ng4 Qg5 5. Be2 d6 6. Nc3 Nf6 7. d3 Bxg4 8.
Bxg5 Bd4 9. Bxg4 Nbd7 10. Bxf6 Nxf6 11. Nd5 O-O 12. Nxc7 Rac8 13. Bxc8 1-0

[Event "AUTO-BEG-236"]
[Site "http://www.queenalice.com/game.php?id=439790"]
[Date "2008.7.27"]
[Round "1"]
[White "lemming"]
[Black "Iarinha"]
[Result "0-1"]
[WhiteElo "1069"]
[BlackElo "1279"]

1. d4 e6 2. c4 Bb4+ 3. Bd2 Nc6 4. Bxb4 Nxb4 5. e3 Nf6 6. Bd3 Nxd3+ 7. Qxd3 d5 8.
Nc3 h6 9. Nf3 O-O 10. O-O a6 11. Rfe1 Rb8 12. a4 c6 13. b4 b5 14. axb5 axb5 15.
cxb5 cxb5 16. Nxb5 Bd7 17. Ra5 Rb7 0-1

[Event "AUTO-BEG-236"]
[Site "http://www.queenalice.com/game.php?id=439791"]
[Date "2008.7.27"]
[Round "1"]
[White "Iarinha"]
[Black "lemming"]
[Result "1-0"]
[WhiteElo "1270"]
[BlackElo "1079"]

1. e4 e5 2. Nf3 d5 3. Nc3 Nc6 4. exd5 Nb4 5. Nxe5 f6 6. Nd3 Qe7+ 7. Be2 Bf5 8.
a3 Nxd3+ 9. cxd3 Bxd3 10. b4 O-O-O 11. O-O Bxe2 12. Nxe2 Qe5 13. Re1 Bd6 14. f4
Qxa1 15. Nc3 f5 16. Qc2 Ne7 17. Rf1 1-0

[Event "Challenge"]
[Site "http://www.queenalice.com/game.php?id=440938"]
[Date "2008.7.30"]
[Round "-"]
[White "ReidoBaralho"]
[Black "lemming"]
[Result "1-0"]
[WhiteElo "1100"]
[BlackElo "1136"]

1. d4 e5 2. dxe5 d6 3. Qd5 Ne7 4. Qb5+ Qd7 5. e3 c6 6. Qa5 c5 7. Bb5 Nbc6 8.
exd6 Qxd6 9. Qc3 Bf5 10. Bc4 Ne5 11. Qb3 Nxc4 12. Qxc4 Nc6 13. Nc3 O-O-O 14. Nb5
1-0

[Event "AUTO-OPEN-1213"]
[Site "http://www.queenalice.com/game.php?id=441221"]
[Date "2008.7.30"]
[Round "1"]
[White "Kasparov1"]
[Black "lemming"]
[Result "1-0"]
[WhiteElo "1676"]
[BlackElo "1079"]

1. e4 c5 2. Nf3 Nc6 3. d4 cxd4 4. Nxd4 Nf6 5. Nc3 e5 6. Nxc6 bxc6 7. Be2 Bc5 8.
O-O h6 9. Be3 d6 10. Bxc5 dxc5 11. Qxd8+ Kxd8 12. Rad1+ Bd7 13. f3 Kc7 14. Na4
Rab8 15. b3 1-0

[Event "AUTO-OPEN-1213"]
[Site "http://www.queenalice.com/game.php?id=441222"]
[Date "2008.7.30"]
[Round "1"]
[White "lemming"]
[Black "Kasparov1"]
[Result "0-1"]
[WhiteElo "1062"]
[BlackElo "1698"]

1. d4 e6 2. e4 d5 3. Nc3 Bb4 4. exd5 exd5 5. Bd2 Bxc3 6. Bxc3 Nf6 7. Bb4 Nc6 8.
Bb5 Bd7 9. Qe2+ Ne7 10. Nf3 c6 11. Bd3 a5 12. Bxe7 Qxe7 13. Qxe7+ Kxe7 14. O-O-O
Rhe8 15. Rde1+ Be6 16. g4 h6 0-1